00255 a2200097 4500020001800000100002500018245004800043250000800091260004400099650001400143 a9789390595372 aSodhi, Jaspreet Kaur aEducational Technology in Nursing Education a1st bJaypee Brothers Medical Publisherc2022 aEDUCATION